|
|
|
|
| LEADER |
00992nam a2200289 a 4500 |
| 001 |
GR-Patra1004 |
| 008 |
991022s1982 enk 000 b eng d |
| 020 |
|
|
|a 0719533821
|
| 040 |
|
|
|a GrPaTEI
|b gre
|c GR-PaULI
|
| 245 |
0 |
0 |
|a Essential principles of physics.
|
| 260 |
|
|
|a London :
|b John Murray,
|c 1982
|
| 300 |
|
|
|a ix, 499σ. :
|b εικ., πίν.
|
| 650 |
|
4 |
|a ΑΤΟΜΙΚΗ ΦΥΣΙΚΗ
|
| 650 |
|
4 |
|a ΗΛΕΚΤΡΟΣΤΑΤΙΚΗ
|
| 650 |
|
4 |
|a ΙΔΙΟΤΗΤΕΣ ΤΗΣ ΥΛΗΣ
|
| 650 |
|
4 |
|a ΚΥΜΑΤΙΚΗ
|
| 650 |
|
4 |
|a Οπτική
|
| 650 |
|
4 |
|a ΦΥΣΙΚΗ
|
| 650 |
|
4 |
|a ΦΥΣΙΚΗ
|
| 650 |
|
4 |
|a ΦΩΣ
|
| 700 |
1 |
|
|a Hodgson, Michael John
|
| 700 |
1 |
|
|a Whelan, Patrick Michael
|
| 710 |
0 |
|
|a John Murray
|
| 942 |
|
|
|2 ddc
|
| 952 |
|
|
|0 0
|1 0
|2 ddc
|4 0
|6 530_000000000000000_WHE
|7 0
|9 282161
|a LISK
|b LISK
|c BSC
|d 2021-01-17
|e 24
|f 0
|g 0.00
|l 0
|o 530 WHE
|p 92410083
|r 2021-01-17 00:00:00
|t 1
|w 2021-01-17
|y BK15
|x 19991024 0 1
|x GrPaTEI
|
| 971 |
|
|
|a .b26485023
|b 15-04-20
|c 23-09-16
|
| 999 |
|
|
|c 164255
|d 164255
|